Countries of the Economic Cooperation Organization - Statistics

General Stats
  • This quiz has been taken 33 times
  • The average score is 8 of 10
Answers on the Map
Answers color-coded by a green-red scale on the quiz's map according to % correct below.
 
Answer Stats
Answer % Correct
Türkiye
96%
Iran
89%
Afghanistan
82%
Azerbaijan
82%
Kazakhstan
82%
Pakistan
82%
Tajikistan
82%
Turkmenistan
82%
Uzbekistan
82%
Kyrgyzstan
79%
No matching quizzes found
Score Distribution
Percent of People with Each Score
Percentile by Number Answered
Your Score History
You have not taken this quiz